Addressing the tax challenges of the digital economy

Gespeichert in:
Bibliographische Detailangaben
Format: Buch
Sprache:Englisch
Veröffentlicht: Paris OECD 2014
Schriftenreihe:OECD/G20 base erosion and profit shifting project
Schlagworte:
Tags: Tag hinzufügen
Keine Tags, Fügen Sie das erste Tag hinzu!

MARC

LEADER 00000nam a2200000 4500
001 0196460
005 20240315120334.2
020 |a 978-92-64-21877-2 
022 |a 2313-2604 
041 0 |a eng 
044 |a FR 
245 1 0 |a Addressing the tax challenges of the digital economy 
264 1 |a Paris  |b OECD  |c 2014 
300 |a 198 s. 
490 1 |a OECD/G20 base erosion and profit shifting project 
830 0 |a OECD/G20 base erosion and profit shifting project 
610 2 0 |a dane 
610 2 0 |a politika daňová 
610 2 0 |a princíp ekonomický 
610 2 0 |a dane z príjmov 
610 2 0 |a dane spotrebné 
610 2 0 |a politika hospodárska 
610 2 0 |a digitalizácia 
610 2 0 |a technológie informačné 
610 2 0 |a technológie komunikačné 
610 2 0 |a modely podnikateľské 
610 2 0 |a spolupráca medzinárodná